Statistics for Countries where the Sea Freezes

Click here to take the quiz!

General Stats

  • This quiz has been taken 26,804 times
  • The average score is 14 of 16

Answer Stats

Country % Correct
Russia
99%
Norway
98%
Canada
98%
Sweden
98%
Finland
97%
Greenland (Denmark)
97%
United States
97%
Japan
88%
Estonia
86%
Latvia
85%
Lithuania
83%
China
82%
Germany
81%
Poland
79%
North Korea
74%
Ukraine
50%

Score Distribution

Percentile by Number Answered

Percent of People with Each Score

Your Score History

You have not taken this quiz